<?xml version="1.0" encoding="UTF-8"?>
<record
    xmlns:xsi="http://www.w3.org/2001/XMLSchema-instance"
    xsi:schemaLocation="http://www.loc.gov/MARC21/slim http://www.loc.gov/standards/marcxml/schema/MARC21slim.xsd"
    xmlns="http://www.loc.gov/MARC21/slim">

  <leader>00731nam a2200217Ia 4500</leader>
  <controlfield tag="005">20220302093744.0</controlfield>
  <controlfield tag="008">210716s2014    xx            000 0 und d</controlfield>
  <datafield tag="020" ind1=" " ind2=" ">
    <subfield code="a">9780415896573</subfield>
  </datafield>
  <datafield tag="040" ind1=" " ind2=" ">
    <subfield code="c">AIMIT LIBRARY</subfield>
  </datafield>
  <datafield tag="041" ind1=" " ind2=" ">
    <subfield code="a">eng</subfield>
  </datafield>
  <datafield tag="082" ind1=" " ind2=" ">
    <subfield code="a">658.812 </subfield>
    <subfield code="2">1</subfield>
    <subfield code="b">BARR</subfield>
  </datafield>
  <datafield tag="100" ind1=" " ind2=" ">
    <subfield code="a">Baran, Roger J.</subfield>
    <subfield code="9">22201</subfield>
  </datafield>
  <datafield tag="245" ind1=" " ind2=" ">
    <subfield code="a">Customer relationship management :</subfield>
    <subfield code="b">foundation of contemporary marketing strategy /</subfield>
    <subfield code="c">By Roger J. Baran and Robert J. Galka.</subfield>
  </datafield>
  <datafield tag="250" ind1=" " ind2=" ">
    <subfield code="a">1st ed.</subfield>
  </datafield>
  <datafield tag="260" ind1=" " ind2=" ">
    <subfield code="a">New York :</subfield>
    <subfield code="b">Routledge ,</subfield>
    <subfield code="c">2014.</subfield>
  </datafield>
  <datafield tag="300" ind1=" " ind2=" ">
    <subfield code="a">Ix, 393p. ;</subfield>
    <subfield code="c">24 cm.</subfield>
  </datafield>
  <datafield tag="650" ind1=" " ind2=" ">
    <subfield code="a">Data management and technology</subfield>
    <subfield code="9">22202</subfield>
  </datafield>
  <datafield tag="650" ind1=" " ind2=" ">
    <subfield code="a">Relationship marketing and CRM</subfield>
    <subfield code="9">22203</subfield>
  </datafield>
  <datafield tag="700" ind1=" " ind2=" ">
    <subfield code="a">Galka, Robert J.</subfield>
    <subfield code="9">22204</subfield>
  </datafield>
  <datafield tag="942" ind1=" " ind2=" ">
    <subfield code="2">ddc</subfield>
    <subfield code="c">BK</subfield>
    <subfield code="e">1st </subfield>
    <subfield code="k">658.812 BARR</subfield>
  </datafield>
  <datafield tag="999" ind1=" " ind2=" ">
    <subfield code="c">209040</subfield>
    <subfield code="d">209040</subfield>
  </datafield>
  <datafield tag="952" ind1=" " ind2=" ">
    <subfield code="0">0</subfield>
    <subfield code="1">0</subfield>
    <subfield code="2">ddc</subfield>
    <subfield code="4">0</subfield>
    <subfield code="7">0</subfield>
    <subfield code="8">MBA</subfield>
    <subfield code="a">AIMIT</subfield>
    <subfield code="b">AIMIT</subfield>
    <subfield code="d">2015-03-13</subfield>
    <subfield code="g">595.00</subfield>
    <subfield code="i">Bill no:1408; Bill dt:2009-09-15</subfield>
    <subfield code="l">0</subfield>
    <subfield code="o">658.812 BARR</subfield>
    <subfield code="p">MBA11606</subfield>
    <subfield code="r">2026-05-23 00:00:00</subfield>
    <subfield code="v">446.25</subfield>
    <subfield code="w">2021-07-16</subfield>
    <subfield code="y">BK</subfield>
  </datafield>
  <datafield tag="952" ind1=" " ind2=" ">
    <subfield code="0">0</subfield>
    <subfield code="1">0</subfield>
    <subfield code="2">ddc</subfield>
    <subfield code="4">0</subfield>
    <subfield code="7">0</subfield>
    <subfield code="8">MBA</subfield>
    <subfield code="a">AIMIT</subfield>
    <subfield code="b">AIMIT</subfield>
    <subfield code="d">2015-03-14</subfield>
    <subfield code="g">595.00</subfield>
    <subfield code="i">Bill no:1409; Bill dt:2015-03-12</subfield>
    <subfield code="l">0</subfield>
    <subfield code="o">658.812 BARR</subfield>
    <subfield code="p">MBA11660</subfield>
    <subfield code="r">2026-05-23 00:00:00</subfield>
    <subfield code="v">446.25</subfield>
    <subfield code="w">2021-07-16</subfield>
    <subfield code="y">BK</subfield>
  </datafield>
  <datafield tag="952" ind1=" " ind2=" ">
    <subfield code="0">0</subfield>
    <subfield code="1">0</subfield>
    <subfield code="2">ddc</subfield>
    <subfield code="4">0</subfield>
    <subfield code="7">0</subfield>
    <subfield code="8">MBA</subfield>
    <subfield code="a">AIMIT</subfield>
    <subfield code="b">AIMIT</subfield>
    <subfield code="d">2015-03-14</subfield>
    <subfield code="g">595.00</subfield>
    <subfield code="i">Bill no:1409; Bill dt:2015-03-12</subfield>
    <subfield code="l">0</subfield>
    <subfield code="o">658.812 BARR</subfield>
    <subfield code="p">MBA11661</subfield>
    <subfield code="r">2026-05-23 00:00:00</subfield>
    <subfield code="v">446.25</subfield>
    <subfield code="w">2021-07-16</subfield>
    <subfield code="y">BK</subfield>
  </datafield>
</record>
